| 000 | 01521cam a2200337 a 4500 | ||
|---|---|---|---|
| 001 | 2775 | ||
| 005 | 20240115100418.0 | ||
| 020 | _a9780194789233 (pbk.) | ||
| 040 |
_aDLC _cDLC _dDLC _beng |
||
| 050 | 0 | 0 |
_aPE1126.A4 _bV537 2009 |
| 082 | 0 | 0 |
_a4287.6 _222 |
| 100 | 1 |
_aVicary, Tim _d1949- |
|
| 245 | 1 | 0 |
_aWhite death / _cTim Vicary |
| 250 | _aThis edition Oxford University Press 2008 | ||
| 260 |
_aOxford ; _aNew York : _bOxford University Press, _c2008 |
||
| 300 |
_a56 pages : _billustrations ; _c20 cm |
||
| 490 | 0 | _aOxford Bookworms Library ; Stage 1, Thriller & Adventure | |
| 500 | _a"First published in Oxford Bookworms, 1989"--T.p. verso. | ||
| 505 | _aG | ||
| 520 | _aSarah Harland is nineteen, and she is in prison. At the airport, they find heroin in her bag. So, now she is waiting to go to court. If the court decides that it was her heroin, then she must die. She says she did not do it. But if she did not, who did? Only two people can help Sarah: her mother, and an old boyfriend who does not love her now. Can they work together? Can they find the real criminal before it is too late? | ||
| 521 |
_a310 _bLexile |
||
| 521 |
_aG _bRaz-Plus |
||
| 650 | 0 | _aReaders (Adult) | |
| 650 | 0 |
_aEnglish language _vTextbooks for foreign speakers. |
|
| 650 | 0 |
_aReading comprehension _vProblems, exercises, etc. |
|
| 650 | 0 |
_aTeenage girls _vFiction. |
|
| 650 | 0 |
_aDrug traffic _vFiction. |
|
| 655 | 7 |
_aSuspense fiction. _2gsafd |
|
| 906 |
_a7 _bcbc _corignew _d2 _encip _f20 _gy-gencatlg |
||
| 942 |
_2ddc _cBK _n0 |
||
| 999 |
_c2775 _d2775 |
||